[Event "London Classic Open 2019"]
[Site "London ENG"]
[Date "2019.12.03"]
[Round "6.67"]
[White "Chidichimo, Pedro Jose Maria"]
[Black "Megias, Eva"]
[Result "0-1"]
[WhiteElo "1831"]
[BlackElo "1586"]
[WhiteFideId "24545252"]
[BlackFideId "465062"]
[EventDate "2019.11.29"]

1. d4 d5 2. Nf3 b6 3. e3 Nf6 4. Bd3 Bb7 5. Nbd2 e6 6. O-O Bd6 7. b3 Ba6 8. c4 c6
9. Bb2 Qe7 10. Qe2 Bb7 11. e4 dxe4 12. Nxe4 Nxe4 13. Bxe4 O-O 14. Qc2 f5 15. Bd3
Qf7 16. Rfe1 h6 17. c5 Bc7 18. Rxe6 b5 19. Rae1 Qh5 20. Qe2 Nd7 21. Re7 Rad8 22.
Qe6+ Rf7 23. d5 Nxc5 24. Re8+ Kh7 25. Qe3 Nxd3 26. Qxd3 Rxd5 27. Qc3 c5 28. Ne5
Rf6 29. Re7 Bxe5 30. R1xe5 Rd1+ 31. Re1 Rxe1+ 32. Qxe1 Rf7 33. Re3 Rd7 34. f3
Qf7 35. Qc3 b4 36. Qxc5 Rd1+ 37. Kf2 Rd2+ 38. Re2 Rxe2+ 39. Kxe2 Ba6+ 40. Kf2
Qe6 41. Qe3 Qc6 42. Qe5 Qg6 43. Qd4 Qf7 44. Qxb4 Qe6 45. Qe1 Qc6 46. Qc3 Qg6 47.
Qc7 f4 48. Qc3 h5 49. b4 Bb5 50. Qb3 Qb1 0-1

[Event "London Classic Open 2019"]
[Site "London ENG"]
[Date "2019.12.03"]
[Round "6.69"]
[White "Cotter, Len"]
[Black "Zhao, Haolin"]
[Result "0-1"]
[WhiteElo "1665"]
[BlackElo "1842"]
[WhiteFideId "431419"]
[BlackFideId "428680"]
[EventDate "2019.11.29"]

1. e4 c5 2. Nf3 g6 3. d4 cxd4 4. Nxd4 Nc6 5. Be3 Nf6 6. f3 Bg7 7. c4 O-O 8. Nc3
Qb6 9. Rb1 Nxe4 10. Nce2 Qb4+ 11. Nc3 Nxc3 12. bxc3 Qxc3+ 13. Kf2 Bxd4 14. Bxd4
Qxd4+ 15. Qxd4 Nxd4 16. Bd3 d6 17. h4 Rb8 18. f4 Bf5 19. Bxf5 Nxf5 20. h5 Rfc8
21. hxg6 hxg6 22. g4 Rxc4 23. gxf5 Rxf4+ 24. Ke3 Rxf5 0-1

[Event "London Classic Open 2019"]
[Site "London ENG"]
[Date "2019.12.03"]
[Round "6.70"]
[White "Nergard, Ole-Kristian"]
[Black "Saravanan, Aadarsh"]
[Result "0-1"]
[WhiteElo "1639"]
[BlackElo "1711"]
[WhiteFideId "1543156"]
[BlackFideId "440078"]
[EventDate "2019.11.29"]

1. e4 e6 2. d4 d5 3. Nd2 c5 4. exd5 exd5 5. Ngf3 Nf6 6. Bb5+ Bd7 7. Bxd7+ Nbxd7
8. O-O Be7 9. dxc5 Nxc5 10. Nd4 Qd7 11. N2f3 O-O 12. b3 Nce4 13. Bb2 Bd6 14. Qd3
a6 15. Rad1 Rac8 16. Ne2 Rfd8 17. Ng3 Qc7 18. Bxf6 Nxf6 19. Nd4 Be5 20. Rd2 g6
21. Re1 Bd6 22. Rde2 Bb4 23. Rd1 Qb6 24. Qe3 Bc3 25. Qf4 Re8 26. Rxe8+ Rxe8 27.
Nge2 Re4 28. Qb8+ Kg7 29. Nf5+ gxf5 30. Nxc3 Rd4 31. Rxd4 Qxd4 32. Qg3+ Kf8 33.
Qe3 Qxe3 34. fxe3 Ke7 35. h3 b5 36. b4 Ke6 37. Kf1 Ke5 38. Ke2 Ne4 39. Nd1 d4
40. Kd3 dxe3 41. Kxe3 Nf6 42. Nb2 Nd5+ 43. Kd2 Nxb4 44. a3 Nd5 45. Nd3+ Kd4 46.
Ne1 f6 47. Nf3+ Ke4 48. Ne1 h6 49. Nd3 Kd4 50. Ne1 Ne3 51. Nf3+ Ke4 52. Ne1 Nc4+ 0-1

[Event "London Classic Open 2019"]
[Site "London ENG"]
[Date "2019.12.03"]
[Round "6.71"]
[White "Mohnblatt, Daniel"]
[Black "Rahman, Yad"]
[Result "0-1"]
[WhiteElo "1688"]
[BlackElo "1303"]
[WhiteFideId "648582"]
[BlackFideId "467626"]
[EventDate "2019.11.29"]

1. d4 e6 2. c4 d5 3. Nc3 Nf6 4. cxd5 exd5 5. Bg5 Be7 6. Qc2 c6 7. e3 O-O 8. Bd3
Nbd7 9. Nf3 h6 10. Bh4 Re8 11. O-O Ne4 12. Bxe7 Qxe7 13. Nd2 Ndf6 14. Rae1 Bf5
15. f3 Nxd2 16. Qxd2 Bxd3 17. Qxd3 Rad8 18. e4 dxe4 19. fxe4 Qb4 20. e5 Nd5 21.
Ne4 Nb6 22. Nd6 Rxd6 23. Qf5 Qxd4+ 24. Kh1 Rd7 25. e6 fxe6 26. Rxe6 Rxe6 27.
Qxe6+ Kh7 28. h3 Qd5 29. Qg4 Qd3 30. Rf3 Qd1+ 31. Kh2 Qd6+ 32. Kh1 Re7 33. Rf1
Nd5 34. Qd1 Qg6 35. Re1 Rxe1+ 36. Qxe1 Nf4 37. Qf2 Qxg2+ 38. Qxg2 Nxg2 39. Kxg2
Kg6 40. Kg3 Kg5 0-1

[Event "London Classic Open 2019"]
[Site "London ENG"]
[Date "2019.12.03"]
[Round "6.72"]
[White "Kumar, Sanjit S"]
[Black "Jekel, Wolfgang"]
[Result "1-0"]
[WhiteElo "1469"]
[BlackElo "1662"]
[WhiteFideId "468142"]
[BlackFideId "4690370"]
[EventDate "2019.11.29"]

1. e4 d5 2. exd5 Qxd5 3. Nc3 Qd6 4. d4 Nf6 5. Nf3 c6 6. g3 g6 7. Bg2 Bg7 8. O-O
Bg4 9. Bf4 Qd8 10. h3 Be6 11. Qe2 h6 12. Ne4 Nxe4 13. Qxe4 Bd5 14. Qe2 Bxf3 15.
Bxf3 Qxd4 16. c3 Qf6 17. Rfe1 e6 18. Rad1 O-O 19. Bg2 Rd8 20. Be5 Qe7 21. Rxd8+
Qxd8 22. Rd1 Qa5 23. Bxg7 Kxg7 24. b4 Qc7 25. Qc4 Nd7 26. b5 Nb6 27. Qc5 Nd7 28.
Qd4+ Nf6 29. bxc6 bxc6 30. Qd6 Rc8 31. Qc5 Nd5 32. c4 Ne7 33. Rd6 Kh7 34. Be4
Kg8 35. Kg2 Nf5 36. Rxc6 1-0

[Event "London Classic Open 2019"]
[Site "London ENG"]
[Date "2019.12.03"]
[Round "6.74"]
[White "Covey, Jason"]
[Black "Burke, John S"]
[Result "1/2-1/2"]
[WhiteElo "1773"]
[BlackElo "1966"]
[WhiteFideId "430986"]
[BlackFideId "404322"]
[EventDate "2019.11.29"]

1. e4 d5 2. exd5 Qxd5 3. Nc3 Qd8 4. d4 Bf5 5. Nf3 e6 6. Bf4 c6 7. Qd2 Nf6 8. a3
Be7 9. Be2 Nbd7 10. h3 O-O 11. O-O-O b5 12. g4 Bg6 13. g5 Ne4 14. Nxe4 Bxe4 15.
Qe3 Bd5 16. h4 Qb6 17. Rh3 b4 18. axb4 Qxb4 19. Nd2 e5 20. Bxe5 Nxe5 21. dxe5
Be6 22. Rg3 Bc5 23. Qc3 Qxc3 24. Rxc3 Bxf2 25. Ne4 Bb6 26. Rxc6 Be3+ 27. Kb1
Rac8 28. Rxc8 Rxc8 29. Ba6 Rb8 30. c3 Bf4 31. Nc5 Bxe5 32. Nxe6 fxe6 33. Kc2 Bg3
34. h5 Bh4 35. g6 hxg6 36. hxg6 Rd8 37. Rxd8+ Bxd8 38. Bc4 Kf8 39. Bxe6 Ke7 40.
Bf5 Kd6 41. Kd3 Bg5 42. Kc4 Be3 43. Kb5 Kc7 44. Be4 Bf2 45. b4 Be3 46. c4 Bf2
47. c5 Be3 48. Ka6 Bd2 1/2-1/2

[Event "London Classic Open 2019"]
[Site "London ENG"]
[Date "2019.12.04"]
[Round "7.1"]
[White "Aravindh, Chithambaram VR."]
[Black "Smirnov, Anton"]
[Result "1/2-1/2"]
[WhiteTitle "GM"]
[BlackTitle "GM"]
[WhiteElo "2605"]
[BlackElo "2573"]
[WhiteFideId "5072786"]
[BlackFideId "3208923"]
[EventDate "2019.11.29"]

1. Nf3 d5 2. c4 d4 3. b4 f6 4. e3 e5 5. c5 a5 6. Qa4+ Bd7 7. b5 Bxc5 8. Bc4 Ne7
9. exd4 exd4 10. Ba3 Na6 11. O-O Nb4 12. d3 c6 13. Nbd2 Qb6 14. bxc6 Bxc6 15.
Qb3 O-O-O 16. Ne4 Kb8 17. Rab1 Ned5 18. Bc1 Nc3 19. Nxc3 dxc3 20. a3 Nxd3 21.
Qxb6 Bxb6 22. Rxb6 c2 23. Bb3 Nxc1 24. Rxc1 Ka7 25. Rxc6 Rd1+ 26. Rxd1 cxd1=R+
27. Bxd1 bxc6 28. Kf1 Kb6 29. Ke2 Rd8 30. Ba4 c5 31. Nd2 Rd4 32. Bc2 Kb5 33. Ke3
h6 34. f4 Rd8 35. Bd3+ Ka4 36. Nc4 Kb3 37. Nxa5+ Kxa3 38. Kd2 Ra8 39. Nc4+ Kb3
40. Ne3 Rd8 41. g3 g5 42. fxg5 hxg5 43. g4 Rh8 44. Bc4+ Kb4 45. Kd3 Rh3 46. Bg8
Kb5 47. Ke4 Rxh2 48. Kf5 Rf2+ 49. Kg6 Rf4 50. Be6 Re4 51. Bd7+ Kb4 52. Nd5+ Kb3
53. Bf5 Re5 54. Nxf6 c4 55. Ne4 c3 56. Nxc3 Kxc3 57. Kxg5 1/2-1/2

[Event "London Classic Open 2019"]
[Site "London ENG"]
[Date "2019.12.04"]
[Round "7.2"]
[White "Praggnanandhaa, R"]
[Black "Moussard, Jules"]
[Result "1-0"]
[WhiteTitle "GM"]
[BlackTitle "GM"]
[WhiteElo "2586"]
[BlackElo "2600"]
[WhiteFideId "25059530"]
[BlackFideId "642908"]
[EventDate "2019.11.29"]

1. e4 c5 2. Nf3 d6 3. Bb5+ Bd7 4. Bxd7+ Nxd7 5. O-O Ngf6 6. Qe2 Rc8 7. c3 e6 8.
d4 cxd4 9. cxd4 d5 10. e5 Ng8 11. Nc3 Ne7 12. h4 Nf5 13. Bg5 Be7 14. Qd3 g6 15.
Qd2 a6 16. Rac1 Rc6 17. Ne2 Nb8 18. b4 Nxh4 19. Bxh4 Bxh4 20. a4 Be7 21. b5 axb5
22. axb5 Rxc1 23. Rxc1 Kd7 24. Qf4 Rf8 25. Nc3 h5 26. Na4 Qa5 27. Nc5+ Bxc5 28.
Rxc5 b6 29. Qh6 Re8 30. Rc1 Qxb5 31. Qg7 Nc6 32. Qxf7+ Re7 33. Qf8 Qa4 34. Nh4
Qa3 35. Rb1 Kc7 36. Nxg6 Qd3 37. Rc1 Rd7 38. Ne7 1-0

[Event "London Classic Open 2019"]
[Site "London ENG"]
[Date "2019.12.04"]
[Round "7.4"]
[White "Maze, Sebastien"]
[Black "Percivaldi, Martin"]
[Result "1/2-1/2"]
[WhiteTitle "GM"]
[BlackTitle "IM"]
[WhiteElo "2541"]
[BlackElo "2384"]
[WhiteFideId "613762"]
[BlackFideId "1508148"]
[EventDate "2019.11.29"]

1. Nf3 d5 2. c4 c6 3. e3 Nf6 4. Nc3 a6 5. d4 Bf5 6. c5 Qc7 7. b4 Nbd7 8. Bb2 Rd8
9. Be2 h6 10. a4 e5 11. O-O Be7 12. b5 a5 13. Nd2 Ra8 14. b6 Qb8 15. Nb3 e4 16.
f3 exf3 17. Bxf3 Be6 18. Bc1 h5 19. e4 dxe4 20. Bxe4 Nxe4 21. Nxe4 Nf6 22. Bf4
Qd8 23. Nd6+ Bxd6 24. cxd6 Nd7 25. Nc5 Nxc5 26. dxc5 Kd7 27. Qd4 Qf6 28. Qxf6
gxf6 29. Bd2 f5 30. h4 Rhg8 31. Bg5 Rg6 32. Rae1 Re8 33. Re3 Rgg8 34. Rfe1 Rg6
35. Kf2 Reg8 36. g3 Re8 37. R1e2 Rgg8 38. Ke1 Rg6 39. Kd2 Rgg8 40. Rf2 Rg6 41.
Kc3 f6 42. Bf4 Bd5 43. Rxe8 Kxe8 44. Re2+ Be4 45. Kb2 Kd7 46. Re1 Ke6 47. Rg1
Rg8 48. Bd2 Kd5 49. Rd1 Bf3 50. Rc1 Ke6 51. Bxa5 Ra8 52. Re1+ Be4 53. Rd1 Bd5
54. Re1+ Be4 55. Rd1 1/2-1/2

[Event "London Classic Open 2019"]
[Site "London ENG"]
[Date "2019.12.04"]
[Round "7.5"]
[White "Pert, Richard G"]
[Black "Grover, Sahaj"]
[Result "1/2-1/2"]
[WhiteTitle "IM"]
[BlackTitle "GM"]
[WhiteElo "2436"]
[BlackElo "2508"]
[WhiteFideId "404748"]
[BlackFideId "5021103"]
[EventDate "2019.11.29"]

1. d4 Nf6 2. Nf3 e6 3. Bf4 c5 4. e3 Nc6 5. Nbd2 d5 6. Bb5 Qb6 7. c4 dxc4 8. a4
cxd4 9. exd4 Bb4 10. O-O Bxd2 11. Nxd2 Qxd4 12. Be3 Qd5 13. Nxc4 O-O 14. Qe1 Bd7
15. Rd1 Qh5 16. Nd6 b6 17. h3 Nd5 18. Bc1 Qe5 19. Ne4 Qc7 20. b3 Na5 21. Bxd7
Qxd7 22. Ba3 Rfd8 23. Rd3 Qc6 24. Qd2 Rac8 25. Rc1 Qa8 26. Rd1 Nc6 27. Qg5 h6
28. Qg3 Nce7 29. Nd6 Rc2 30. Qf3 Rf8 31. Nc4 Qc8 32. Qg4 Qc7 33. Rg3 g6 34. Rf3
Rd8 35. Qe4 Rc3 36. Bb2 Rxf3 37. Qxf3 Nf5 38. g4 Nfe7 39. Qe4 Nc6 40. Rd3 Qf4
41. Qe1 Qg5 42. Bc1 Qh4 43. Ne5 Ndb4 44. Rxd8+ Qxd8 45. Bxh6 Qd5 46. Nxc6 Nxc6
47. Qc3 Nd4 48. Qb4 Qc5 49. Qc4 Qxc4 50. bxc4 Nf3+ 51. Kf1 Ne5 52. c5 bxc5 53.
Be3 Nd7 54. Ke2 Kf8 55. Kd3 Ke7 56. Kc4 Kd6 57. Kb5 Kd5 58. h4 Ne5 59. h5 Nxg4
60. h6 Nf6 61. Bxc5 a6+ 62. Kb6 g5 63. Be7 Nh7 64. Kxa6 Kc6 65. Ka5 f5 66. Kb4
g4 67. Kc4 e5 68. Kd3 Kd5 69. a5 f4 70. a6 Kc6 71. a7 Kb7 72. Bc5 Ng5 73. Be7
e4+ 74. Ke2 Nf7 75. h7 Kxa7 76. Bd6 g3 77. fxg3 fxg3 78. Bxg3 Kb7 79. Ke3 Kc6
80. Bh4 Kd5 81. Bf6 Ke6 1/2-1/2

[Event "London Classic Open 2019"]
[Site "London ENG"]
[Date "2019.12.04"]
[Round "7.13"]
[White "Cherniaev, Alexander"]
[Black "Stoyanov, Viktor"]
[Result "1-0"]
[WhiteTitle "GM"]
[WhiteElo "2428"]
[BlackElo "2272"]
[WhiteFideId "4117301"]
[BlackFideId "450308"]
[EventDate "2019.11.29"]

1. e4 c6 2. d4 d5 3. exd5 cxd5 4. c4 Nf6 5. Nc3 Be6 6. Nge2 dxc4 7. Nf4 Bg4 8.
f3 Bd7 9. Bxc4 e6 10. O-O Be7 11. Be3 O-O 12. Qe2 Re8 13. Rad1 Bf8 14. Nd3 Bc6
15. Ne5 Nd5 16. Bc1 Nd7 17. Nxc6 bxc6 18. Ne4 Qc7 19. Kh1 Rad8 20. Qc2 Rc8 21.
Qf2 h6 22. Qg3 Qxg3 23. hxg3 N5b6 24. Ba6 Rcd8 25. Be3 Nd5 26. Bf2 Rb8 27. Rd2
Rb6 28. Bc4 Reb8 29. b3 a5 30. Kg1 Ra8 31. g4 a4 32. bxa4 Rxa4 33. Bb3 Ra5 34.
Rc1 Ba3 35. Rc4 Be7 36. Rdc2 Raa6 37. g3 Nb4 38. Rd2 Nd5 39. Re2 Kf8 40. Kg2 Rb4
41. Rc1 Ke8 42. Kh3 Kd8 43. f4 g6 44. Nd2 Bd6 45. Kg2 Bf8 46. Nf3 Rb7 47. Ne5
Nxe5 48. dxe5 Ba3 49. Rc4 Be7 50. Rec2 Nb4 51. Re2 Rd7 52. Bd4 Nd5 53. Bf2 Nb4
54. Kf3 Kc8 55. Ke4 Kc7 56. Bd4 Ra8 57. Re1 Kd8 58. Rh1 Bf8 59. Rh2 Kc7 60. Be3
Nd5 61. Bd2 Nb6 62. Rc1 Rad8 63. Be3 Nd5 64. Rhc2 Nb4 65. Rc4 Ra8 66. Ra1 Nd5
67. Bd4 Nb6 68. Rc2 Rad8 69. Be3 Nd5 70. Bxd5 exd5+ 71. Kd3 Ra8 72. a4 d4 73.
Bd2 c5 74. a5 Kc6 75. Kc4 Rb8 76. a6 Ra8 77. Rca2 Rda7 78. f5 Re8 79. Re1 Bg7
80. e6 fxe6 81. Rxe6+ Rxe6 82. fxe6 Bf8 83. g5 h5 84. Bf4 Bd6 85. Bxd6 Kxd6 86.
e7 Kxe7 87. Kxc5 Ke6 88. Kb6 Ra8 89. Ra5 d3 90. a7 d2 91. Ra1 Kf5 92. Rd1 Kxg5
93. Rxd2 Kg4 94. Rd6 g5 95. Rg6 h4 96. gxh4 Kxh4 97. Kb7 Rxa7+ 98. Kxa7 g4 99.
Kb6 g3 100. Kc5 Kh3 101. Kd4 1-0

[Event "London Classic Open 2019"]
[Site "London ENG"]
[Date "2019.12.04"]
[Round "7.18"]
[White "Smith, Andrew Philip"]
[Black "Sowray, Peter J"]
[Result "0-1"]
[WhiteTitle "FM"]
[BlackTitle "FM"]
[WhiteElo "2172"]
[BlackElo "2316"]
[WhiteFideId "2500833"]
[BlackFideId "400971"]
[EventDate "2019.11.29"]

1. e4 e5 2. d4 exd4 3. Qxd4 Nc6 4. Qe3 Nf6 5. Nc3 Bb4 6. Bd2 O-O 7. O-O-O Re8 8.
Bc4 d6 9. f3 Ne5 10. Be2 c6 11. Qf2 b5 12. Nh3 Rb8 13. Nf4 Qa5 14. Rhe1 Nc4 15.
Bxc4 bxc4 16. Qd4 Ba6 17. Nb1 Qxa2 18. Bxb4 Rxb4 19. Re3 c5 20. Qc3 Reb8 21. Qa3
Rxb2 22. Qxa2 Rxa2 23. Nc3 Ra1+ 24. Kd2 Rxd1+ 25. Nxd1 g5 26. Ne2 Bb7 27. Ra3 d5
28. exd5 Bxd5 29. Ne3 Rd8 30. Kc3 Re8 31. Kd2 Re7 32. Nxd5 Nxd5 33. Ra5 Rd7 34.
Ng3 Nf4+ 35. Kc3 Ne6 36. Ne4 Rc7 37. Kxc4 f5 38. Nxc5 Kf7 39. Kd5 Nf4+ 40. Kd6
Re7 41. g3 Ne2 42. Nd7 Nd4 43. c3 Re6+ 44. Kc7 Rc6+ 45. Kb7 Rxc3 46. f4 gxf4 47.
Ne5+ Ke6 48. gxf4 Rh3 49. Ra4 Kd5 50. Kxa7 Ne6 51. Nf7 Rxh2 52. Ra5+ Nc5 53. Ne5
Rh6 54. Nd3 Ra6+ 55. Rxa6 Nxa6 56. Kxa6 Ke4 57. Ne1 h5 58. Kb5 h4 59. Kc4 h3 60.
Nd3 Ke3 0-1

[Event "London Classic Open 2019"]
[Site "London ENG"]
[Date "2019.12.04"]
[Round "7.25"]
[White "Lee, Qing Aun"]
[Black "Willmoth, Robert F"]
[Result "1/2-1/2"]
[WhiteTitle "FM"]
[BlackTitle "CM"]
[WhiteElo "2228"]
[BlackElo "2108"]
[WhiteFideId "5804167"]
[BlackFideId "402540"]
[EventDate "2019.11.29"]

1. e4 d6 2. d4 Nf6 3. Nc3 g6 4. Bg5 Bg7 5. e5 Nfd7 6. exd6 cxd6 7. Nf3 Nf6 8.
Be2 Qa5 9. Qd2 Nbd7 10. O-O-O h6 11. Be3 Nb6 12. Kb1 Be6 13. a3 Rc8 14. Ne4 Qd5
15. Nxf6+ Bxf6 16. b3 Bg7 17. c4 Qc6 18. Rc1 Bf5+ 19. Ka2 Nd7 20. d5 Qc7 21. Bd4
Nf6 22. Bd3 Bxd3 23. Qxd3 O-O 24. Bb2 a6 25. Rhe1 Qd7 26. Nd4 Rc5 27. f4 b5 28.
f5 bxc4 29. bxc4 g5 30. Nc6 Rxc6 31. dxc6 Qxc6 32. Rc2 Qb7 33. Bxf6 Bxf6 34. Rb1
Qa7 35. Qe4 Qc5 36. Qd5 Qe3 37. g4 Kg7 38. Qb7 Qd3 39. Rbc1 Qd4 40. h3 a5 1/2-1/2

[Event "London Classic Open 2019"]
[Site "London ENG"]
[Date "2019.12.04"]
[Round "7.49"]
[White "Bates, Caspar J"]
[Black "Patel, Rishi"]
[Result "1-0"]
[WhiteElo "2120"]
[BlackElo "1891"]
[WhiteFideId "414760"]
[BlackFideId "442801"]
[EventDate "2019.11.29"]

1. d4 Nf6 2. c4 e6 3. Nf3 d5 4. e3 Be7 5. Nc3 b6 6. cxd5 exd5 7. Bb5+ c6 8. Bd3
Ba6 9. O-O Bxd3 10. Qxd3 O-O 11. b3 Re8 12. Bb2 Bf8 13. Rac1 Nbd7 14. Rc2 Ne4
15. Ne2 Rc8 16. Rfc1 c5 17. Rd1 Ndf6 18. Ne5 Bd6 19. f3 Ng5 20. Ng3 g6 21. h4
Ne6 22. Qd2 Ng7 23. f4 Nd7 24. Nxf7 Kxf7 25. dxc5 Bxc5 26. Qxd5+ Re6 27. Rxc5
Nxc5 28. Qxd8 Rxd8 29. Rxd8 Rxe3 30. Kh2 Rd3 31. Ra8 Rd7 32. Kh3 Nce6 33. Be5
Nd8 34. Ne4 Nc6 35. Ng5+ 1-0

[Event "London Classic Open 2019"]
[Site "London ENG"]
[Date "2019.12.04"]
[Round "7.51"]
[White "Nelson, Omowale"]
[Black "Chakanyuka, Charles"]
[Result "0-1"]
[WhiteElo "1924"]
[BlackElo "2036"]
[WhiteFideId "7400209"]
[BlackFideId "11000341"]
[EventDate "2019.11.29"]

1. d4 d6 2. Nf3 g6 3. c4 Bg7 4. e4 Nf6 5. Nc3 O-O 6. Be2 e5 7. O-O Nc6 8. d5 Ne7
9. Nd2 Ne8 10. Rb1 f5 11. b4 fxe4 12. Ndxe4 Nf6 13. g4 a5 14. a3 Kh8 15. Be3
axb4 16. axb4 Ra3 17. Qc1 Rxc3 18. Nxc3 Nxg4 19. Bg5 Nf6 20. Bd3 Qd7 21. Qe3 Nh5
22. Kh1 Nf4 23. Bxe7 Qxe7 24. Be4 Bf5 25. Rbd1 Bh6 26. Qf3 Bh3 27. Rg1 Bd7 28.
Qe3 Nh3 29. Qxh6 Nxf2+ 30. Kg2 Ng4 31. Qh3 Rf2+ 32. Kh1 Rxh2+ 33. Qxh2 Nxh2 34.
Rd2 Ng4 35. Kg2 Qh4 36. Re2 Qh2+ 37. Kf1 Qh3+ 0-1

[Event "London Classic Open 2019"]
[Site "London ENG"]
[Date "2019.12.04"]
[Round "7.52"]
[White "Sarpotdar, Amogh"]
[Black "Mugalu, Hassan"]
[Result "1-0"]
[WhiteElo "2015"]
[BlackElo "1836"]
[WhiteFideId "5069521"]
[BlackFideId "451533"]
[EventDate "2019.11.29"]

1. e4 c6 2. d4 d5 3. exd5 cxd5 4. c4 Nf6 5. Nc3 Nc6 6. Nf3 Bg4 7. cxd5 Nxd5 8.
Bc4 e6 9. Nxd5 exd5 10. Qe2+ Be7 11. Bb5 O-O 12. Bxc6 Bb4+ 13. Kf1 bxc6 14. Qd3
Re8 15. Bf4 Re4 16. Be3 h6 17. Ne5 Bd7 18. f3 Rh4 19. Bf2 Rf4 20. Bg3 Rf6 21.
Kf2 Bf5 22. Qe3 Qa5 23. Rhd1 c5 24. Bh4 cxd4 25. Qf4 Qb6 26. Nd3 g5 27. Bxg5
hxg5 28. Qxg5+ Bg6 29. Nxb4 d3+ 30. Kf1 Rf5 31. Qd2 Rh5 32. h3 Rc8 33. Re1 Qd4
34. Rad1 Rb8 35. Nc6 Qb6 36. Nxb8 Qxb8 37. Qc3 Bf5 38. Qd4 Be6 39. Rxe6 Rg5 40.
Rh6 Rg7 41. Qh4 1-0

[Event "London Classic Open 2019"]
[Site "London ENG"]
[Date "2019.12.04"]
[Round "7.53"]
[White "Jukes, Sam"]
[Black "Ifalore, Michael"]
[Result "0-1"]
[WhiteElo "1899"]
[BlackElo "1989"]
[WhiteFideId "1803182"]
[BlackFideId "436356"]
[EventDate "2019.11.29"]

1. e4 e5 2. Nf3 Nc6 3. Bc4 Nf6 4. d3 Be7 5. c3 O-O 6. Bb3 d6 7. O-O Na5 8. Bc2
c5 9. Nbd2 Nc6 10. Re1 Re8 11. Nf1 Bf8 12. Ne3 g6 13. h3 Bg7 14. a4 Be6 15. c4
a6 16. Bd2 b6 17. Qc1 Rb8 18. Bd1 b5 19. axb5 axb5 20. cxb5 Rxb5 21. Ba4 Rb6 22.
Ng5 Bb3 23. Ba5 Nxa5 24. Bxe8 Nxe8 25. Rxa5 Qxg5 26. Ra8 Kf8 27. Qc3 Be6 28.
Rea1 Qe7 29. R1a7 Rb7 30. Ra6 Bh6 31. Nc4 Bxc4 32. Qxc4 Kg7 33. Qd5 Rxb2 34. Qc6
Qf6 0-1

[Event "London Classic Open 2019"]
[Site "London ENG"]
[Date "2019.12.04"]
[Round "7.54"]
[White "Millward, Kevin P"]
[Black "Gilmore, Samuel"]
[Result "1-0"]
[WhiteElo "1967"]
[BlackElo "1757"]
[WhiteFideId "404721"]
[BlackFideId "448354"]
[EventDate "2019.11.29"]

1. d4 Nf6 2. Nc3 e6 3. Nf3 b6 4. e4 Bb7 5. Bd3 Bb4 6. Qe2 h6 7. O-O Bxc3 8. bxc3
d6 9. a4 Nbd7 10. Ba3 e5 11. Nd2 Qe7 12. Rab1 O-O 13. Kh1 c5 14. d5 Rac8 15.
Rfe1 Rfd8 16. Nf1 Nf8 17. Ne3 Ng6 18. Nf5 Qd7 19. a5 bxa5 20. Bb5 Qc7 21. Bc4
Rb8 22. Qf3 Nh7 23. h4 Bc8 24. Rxb8 Qxb8 25. g3 Bxf5 26. Qxf5 Ne7 27. Qf3 Nf6
28. Qe2 Qc8 29. Kg2 Ng6 30. Rb1 Qc7 31. f3 Rb8 32. Qd1 Nd7 33. Qc1 Nb6 34. Qb2
Nd7 35. Qa2 Rxb1 36. Qxb1 Qb6 37. Qa2 Ne7 38. Bc1 Nc8 39. Qa4 Qc7 40. Bb5 Ndb6
41. Qa3 c4 42. Be3 f6 43. Ba6 Kf8 44. Qxa5 Qb8 45. Bxc8 Nxc8 46. Qd8+ Kf7 47.
Bxa7 Qxa7 48. Qxc8 Qe3 49. Qe6+ Kg6 50. h5+ Kh7 51. Qf5+ Kh8 52. Qc8+ Kh7 53.
Qxc4 Qd2+ 54. Kh3 Qxc2 55. Qc8 Qd3 56. Kg4 Qe3 57. Qf5+ Kh8 58. c4 Qc5 59. Qd7
Qxc4 60. Qxd6 Qc1 61. Qf8+ Kh7 62. Qf7 Qg5+ 63. Kh3 Qd2 64. Qd7 Qd1 65. d6 Qf1+
66. Kg4 Qd1 67. Qf5+ Kg8 68. Qe6+ Kh7 69. d7 Qd3 70. Qe8 f5+ 71. Kh4 Qe2 72.
Qg6+ 1-0

[Event "London Classic Open 2019"]
[Site "London ENG"]
[Date "2019.12.04"]
[Round "7.55"]
[White "Gaier, Walter"]
[Black "Pellicoro, Nathalie"]
[Result "1/2-1/2"]
[WhiteElo "1750"]
[BlackElo "1967"]
[WhiteFideId "1310186"]
[BlackFideId "1332350"]
[EventDate "2019.11.29"]

1. e4 c5 2. Nf3 e6 3. d4 cxd4 4. Nxd4 Nc6 5. Nc3 Qc7 6. Ndb5 Qb8 7. Be3 a6 8.
Bb6 axb5 9. Nxb5 Bb4+ 10. c3 Ba5 11. Nc7+ Kf8 12. Nxa8 Qxa8 13. Bc5+ Nge7 14. b4
Bc7 15. b5 Qa5 16. Qb3 Be5 17. Rc1 b6 18. Ba3 Nd8 19. Qb4 Qxb4 20. Bxb4 Nb7 21.
f3 d6 22. g3 g5 23. Kf2 Kg7 24. Bc4 Nc5 25. Rhd1 Bb7 26. Ke3 Ng6 27. Bxc5 dxc5
28. Rd7 Bc8 29. Rd3 h5 30. Kf2 Bc7 31. Rd2 h4 32. Rg1 hxg3+ 33. hxg3 Ne5 34. Be2
Ng6 35. Kg2 Be5 36. Rc2 Kf6 37. Rd1 Ke7 38. Bc4 Bd7 39. Rcd2 Rd8 40. Rd3 Bxg3
41. Rxd7+ Rxd7 42. Rxd7+ Kxd7 43. Kxg3 Ne5 44. Be2 c4 45. f4 gxf4+ 46. Kxf4 f6
47. Ke3 Kd6 48. Kd4 f5 49. exf5 exf5 50. Bxc4 f4 51. Bf1 Nf3+ 52. Kd3 Kc5 53.
Be2 Ne5+ 54. Ke4 f3 55. Bxf3 Nxf3 56. Kxf3 Kxb5 57. Ke3 Kc4 58. Kd2 b5 59. a4
bxa4 1/2-1/2

[Event "London Classic Open 2019"]
[Site "London ENG"]
[Date "2019.12.04"]
[Round "7.56"]
[White "Burke, John S"]
[Black "Kuzhelev, Timur"]
[Result "0-1"]
[WhiteElo "1966"]
[BlackElo "1716"]
[WhiteFideId "404322"]
[BlackFideId "44101791"]
[EventDate "2019.11.29"]

1. d4 Nf6 2. Bf4 g6 3. Nc3 Bg7 4. e4 d6 5. Qd2 O-O 6. Bh6 Nbd7 7. f3 c5 8. d5 a6
9. h4 Nh5 10. Nge2 Ne5 11. b3 f5 12. Bxg7 Nxg7 13. O-O-O b5 14. Nf4 b4 15. Nce2
fxe4 16. fxe4 Bg4 17. Re1 Qa5 18. Kb1 c4 19. a4 c3 20. Qe3 Bd7 21. Kc1 Bxa4 22.
bxa4 Qxa4 23. Kd1 Nc4 0-1

[Event "London Classic Open 2019"]
[Site "London ENG"]
[Date "2019.12.04"]
[Round "7.57"]
[White "John, Joshua"]
[Black "Ditmas, Hugh"]
[Result "1-0"]
[WhiteElo "1680"]
[BlackElo "1961"]
[WhiteFideId "449750"]
[BlackFideId "1270666"]
[EventDate "2019.11.29"]

1. d4 Nf6 2. c4 e6 3. Nc3 Bb4 4. Bg5 h6 5. Bh4 g5 6. Bg3 Ne4 7. Qc2 Bxc3+ 8.
bxc3 f5 9. Be5 Rg8 10. f3 Nf6 11. e3 d6 12. Bg3 Nbd7 13. Bd3 Nb6 14. a4 a5 15.
Ne2 Qe7 16. h3 Bd7 17. e4 f4 18. Bf2 Bxa4 19. Rxa4 Nxa4 20. Qxa4+ Qd7 21. Qa3 b6
22. Kd2 Qe7 23. c5 dxc5 24. dxc5 Kf7 25. Ra1 Nd7 26. cxb6 Qxa3 27. Rxa3 cxb6 28.
Bb5 Nc5 29. Bxc5 bxc5 30. Nc1 Rgb8 31. c4 Kf6 32. Nb3 Rc8 33. Kc2 Ke5 34. Nxa5
Kd4 35. Nc6+ Rxc6 36. Rxa8 Rc7 37. Kd2 Ke5 38. Kd3 h5 39. Rh8 h4 40. Rg8 Kf6 41.
e5+ Kf5 42. Kc3 Ra7 43. Bc6 Ra3+ 44. Kb2 Re3 45. Be4+ Kxe5 46. Rxg5+ Kd4 47. Rg4
e5 48. Bf5 Re2+ 49. Kb3 Rf2 50. Ka4 Rb2 51. Rxh4 Rxg2 52. Kb5 Rb2+ 53. Kc6 Ra2
54. Rh8 Ra6+ 55. Kb5 Ra1 56. h4 Rb1+ 57. Kc6 e4 58. Bxe4 Kxc4 59. Bxb1 1-0